Becsületvédelem és sajtószabadság

Elmentve itt :
Bibliográfiai részletek
Szerző: Szigeti László
Dokumentumtípus: Cikk
Megjelent: 1935
Sorozat:Polgári jog : a hazai és külföldi magánjog és hiteljog szemléje 11
Kulcsszavak:Sajtójog magyar joggyakorlat
Online Access:http://misc.bibl.u-szeged.hu/15744
LEADER 00631nab a2200169 i 4500
001 misc15744
005 20191106142241.0
008 170607s1935 hu o 0|| hun d
040 |a SZTE Miscellanea Repozitórium  |b hun 
041 |a hun 
100 1 |a Szigeti László 
245 1 0 |a Becsületvédelem és sajtószabadság  |h [elektronikus dokumentum] /  |c ifj. Szigeti László 
260 |c 1935 
300 |a 525-534a 
490 0 |a Polgári jog : a hazai és külföldi magánjog és hiteljog szemléje  |v 11 
695 |a Sajtójog magyar joggyakorlat 
856 4 0 |u http://misc.bibl.u-szeged.hu/15744/1/polgari_jog_1935_525-534a.pdf  |z Dokumentum-elérés